| 000 -LEADER |
| fixed length control field |
00427cam a22001337a 4500 |
| 008 - FIXED-LENGTH DATA ELEMENTS--GENERAL INFORMATION |
| fixed length control field |
180718b1970 xxu||||| |||| 00| 0 eng d |
| 082 ## - DEWEY DECIMAL CLASSIFICATION NUMBER |
| Classification number |
BA27x5451 An24r |
| 100 ## - MAIN ENTRY--PERSONAL NAME |
| Personal name |
Andhra Pradesh. Backward Classes Commission |
| 245 ## - TITLE STATEMENT |
| Title |
Report of the Backward Classes Commission, Andhra Pradesh |
| 260 ## - PUBLICATION, DISTRIBUTION, ETC. |
| Place of publication, distribution, etc. |
Hyderabad |
| Name of publisher, distributor, etc. |
The author |
| Date of publication, distribution, etc. |
1970 |
| 300 ## - PHYSICAL DESCRIPTION |
| Extent |
200p. |
| 500 ## - GENERAL NOTE |
| General note |
Chairman: Manohar Pershad |
| 700 ## - ADDED ENTRY--PERSONAL NAME |
| Personal name |
Pershad, Manohar (Chairman) |